00174nam a2200073Ia 4500008004100000100002100041245002000062260001800082170817s9999 xx 000 0 und d aPati.Sura Prasad 0aAdult Education bA. P. H. PUB.